Essentials of human diseases and conditions / (Record no. 2384)

MARC details
000 -LEADER
fixed length control field 01058cam a22001695i 4500
008 - FIXED-LENGTH DATA ELEMENTS--GENERAL INFORMATION
fixed length control field 200713s2020 mou 000 0 eng
020 ## - INTERNATIONAL STANDARD BOOK NUMBER
ISBN 9780323712675
100 1# - MAIN ENTRY--AUTHOR
Author Frazier, Margaret Schell,
245 10 - TITLE STATEMENT
Title Essentials of human diseases and conditions /
Statement of responsibility, etc Margaret Schell Frazier, Tracie Fuqua.
250 ## - EDITION STATEMENT
Edition statement 7th edition.
260 ## - PUBLICATION, DISTRIBUTION, ETC. (IMPRINT)
Place of publication Missouri
Name of publisher Elsevier Ltd
Date of publication 2021
300 ## - COLLATION
Pagination pages cm
520 ## - SUMMARY, ETC.
Summary, etc "Essentials of Human Diseases and Conditions, Seventh Edition, is a user-friendly reference intended to serve as a stimulating and practical textbook for students and an invaluable tool as a handbook for health care providers in any type of health care setting. Instructors of anatomy and physiology, disease conditions, medical insurance coding, pharmacology, massage therapy, and medical transcription may appreciate the value of this edition as a required text. This encyclopedic, but simplified, handbook includes comprehensive information on hundreds of diseases and conditions"--
700 1# - ADDITIONAL AUTHOR
Additional Author Fuqua, Tracie,
942 ## - ADDED ENTRY ELEMENTS (KOHA)
Item type Books
050 ## - LIBRARY OF CONGRESS CALL NUMBER
Classification number RC46
Item number .E87
Holdings
Source of classification or shelving scheme Not for loan Permanent location Current location Date acquired Accession No. Barcode. Koha item type
Library of Congress Classification   Medical Library Medical Library 03/17/2025 2024/64213 2025-0651 Books